Statistics for Pražské mosty a tunely

Click here to take the quiz!

General Stats

  • This quiz has been taken 16 times
  • The average score is 12 of 33

Answer Stats

% Correct
Blanka
100%
Karlův
100%
Trojský
71%
Barikádníků
64%
Jiráskův
64%
Legií
64%
Čechův
57%
Mrázovka
57%
Strahovský
57%
Libeňský
50%
Branický
43%
Letenský
43%
Mánesův
43%
Nuselský
43%
Barrandovský
36%
Palackého
36%
Radotínský
36%
Lochkovský
29%
Lochkovský
29%
Závodu Míru
29%
Hlávkův
21%
Lahovický
21%
Vyšehradský
21%
Komořanský
14%
Lanový
14%
Štefánikův
14%
Holešovický železniční
0%
Negrelliho viadukt
0%
Slavičí
0%
Svatovítský
0%
Těšnovský
0%
Vyšehradský železniční
0%
Zlíchovský
0%

Score Distribution

Percentile by Number Answered

Percent of People with Each Score

Your Score History

You have not taken this quiz